000 00740nas a2200241 4500
001 BR0809684
003 BR-BrBNA
005 20231205112733.0
007 ta
008 230509b bl.|||p| |||| 00| 00por d
040 _aBR-BrBNA
_bpor
_cBiblioteca Nacional de Agricultura
041 _a(Pt)
072 _aP35; F06
100 1 _aMaia, C.E.
100 1 _aMorais, E.R.C. de
245 1 _aCoeficiente de cultura do meloeiro irrigado com água salina estimado por modelo matemático
650 _aSALINIDADE
650 _aMODELO MATEMÁTICO
650 _aMELÃO
773 0 _tCiência Rural (Brazil)
_xISSN 0103-8478
_g(Aug 2008), v. 38(5) p. 1273-1278
_wBR0809684
909 _a202311
_bLúcia
_c55
_dLúcia Elande
942 _2AGRIS
_n0
_cANA
999 _c199675
_d199675